|
|
|
|
| LEADER |
00639nab a2200181 i 4500 |
| 001 |
acta22388 |
| 005 |
20210527155345.0 |
| 008 |
161017s1934 hu o 0|| hun d |
| 022 |
|
|
|a 0563-0592
|
| 040 |
|
|
|a SZTE Egyetemi Kiadványok Repozitórium
|b hun
|
| 041 |
|
|
|a hun
|
| 100 |
1 |
|
|a Hollendonner Ferenc
|
| 245 |
1 |
2 |
|a A szegedi botanikuskerti artézi kútfúrás famaradványainak xylotomiai vizsgálata
|h [elektronikus dokumentum] /
|c Hollendonner Ferenc
|
| 260 |
|
|
|c 1934
|
| 300 |
|
|
|a 233-235
|
| 490 |
0 |
|
|a Acta biologica
|
| 695 |
|
|
|a Természettudomány
|
| 856 |
4 |
0 |
|u http://acta.bibl.u-szeged.hu/22388/1/biologica_003_233-235.pdf
|z Dokumentum-elérés
|